000
00279nam a2200121 a 4500
008
100917s1977|||| d
100
1
_a
Dobiáš, Rudolf
245
1
0
_a
Hrdličky
260
_b
Mladé letá
_a
Bratislava
_c
1977
020
_c
14,50
044
_a
xo
_c
SK
041
_a
slo
999
_c
10459
_d
10459